00824nam a2200253 a 4500001001000000003000500010005001700015008004100032010001100073011001100084020001500095040000900110082001600119245011300135246002300248260008100271300001100352650003800363650003200401650002700433650003000460700002100490710005900511000107932CHAP20260417124508.0131121s2005 it |r o||||||fre d a104394 a105366 a291493548X cCHAP04a338.19bN93 0aNourris 9 milliards d'hommes /cpor Gérard Ghersi y Association pour a difflusion de la pensée francise. aNourrir 9 D'hommes aParis :bADPF, Association pour a difflusion de la pensée francise,c2005. a151 p.14aAlimentosxAspectos económicos.14aAlimentosxValor nutritivo.14aPolítica agrícola.14aAlimentosxAbastecimiento1 aGhersi, Gérard1 aAssociation pour la diffusion de la pensée francaise